| 000 | 01146cam a2200157 4500500 | ||
|---|---|---|---|
| 005 | 20260111054532.0 | ||
| 041 | _afre | ||
| 042 | _adc | ||
| 100 | 1 | 0 |
_aRozhanskiy, Mikhail _eauthor |
| 245 | 0 | 0 | _aReturning History: Soviet Generations’ Reactions to the War in Ukraine |
| 260 | _c2025. | ||
| 500 | _a65 | ||
| 520 | _aThe article examines the role of the two Soviet generations who grew up during the Khrushchev Thaw (Ottepel’) and Perestroika in making the Russian-Ukrainian war possible. Generational factors influencing support or rejection of government policies are considered. Based on long-term research on the generational history of the Soviet century and a corpus of interviews from the spring of 2022, the author demonstrates the importance of generational analysis in studying the trajectories of the evolution of Russia. The article also addresses the methodological problems of such analysis. | ||
| 786 | 0 | _nRevue d’études comparatives Est-Ouest | 55 | 2 | 2025-07-09 | p. 65-97 | 0338-0599 | |
| 856 | 4 | 1 | _uhttps://shs.cairn.info/journal-revue-detudes-comparatives-est-ouest-2024-2-page-65?lang=en&redirect-ssocas=7080 |
| 999 |
_c1614079 _d1614079 |
||